00927nam a2200241 a 450000100060000000300090000600800410001501500080005602000150006403500200007904000280009904100080012708200150013510000310015024500660018125000110024726000230025830000340028149000500031550400680036550502210043365000310065425982CO-ViMGA141112s2004 ck r 000 u spa d aSSS a9586483223 a(Sirsi) a694899 aCO-ViMGAbspacCO-ViMGA aspa04a625.7 C17d1 aCárdenas Grisales, James10aDiseño geométrico de carreteras James Cárdenas Grisales a2a ed. aBogotá Ecoe 2013 a544 p. il., gráficos 23 cm. aColección Textos Universitarios, Ingenieria aIncluye referencias bibliográficas (P. 403 - 404) e índice. aLas carreteras. - - Rutasy líneas de pendiente. - - Diseño geométrico horizontal : planta. - - Diseño geométrico vertical : rasante. - - Diseño geométrico transversal : secciones, áreas y volúmenes.14aIngeniería de carreteras